| 000 | 00398nam a2200145Ia 4500 | ||
|---|---|---|---|
| 008 | 230711s9999||||xx |||||||||||||| ||und|| | ||
| 041 | _aENG | ||
| 082 |
_a20 _bAI-G |
||
| 100 | _aAICTE New Delhi | ||
| 245 | 0 | _aGuidelines for admission to engineering college | |
| 250 | _a1st | ||
| 260 |
_c1990 _aNew Delhi _bAll India Technical Education Publications |
||
| 650 | _aGENERAL ENGINEERING | ||
| 942 | _cBK | ||
| 999 |
_c1196 _d1196 |
||